| 000 | 00498 a2200169 4500 | ||
|---|---|---|---|
| 003 | Nust | ||
| 005 | 20230120102952.0 | ||
| 040 | _cNust | ||
| 082 | _a808.83,BUC | ||
| 100 |
_aBuck, Pearl S _950676 |
||
| 245 |
_aA Novel : _bImperial Woman / _cPearl S Buck |
||
| 260 |
_aLondon _bMethuen Co _c1956 |
||
| 300 | _a432:p | ||
| 505 | _aYehonala (Page-9), TZU HIS (Page-74), The Empress Mother (Page-196), The Empress (Page-323), Old Buddha (Page-377). | ||
| 650 |
_aNovel _92525 |
||
| 942 |
_2ddc _cBK |
||
| 999 |
_c186834 _d186834 |
||